000 00948nam a22002177a 4500
005 20250829190727.0
008 240816b ||||| |||| 00| 0 eng d
082 _aDPer 155.205 J826 July-September 2020 v. 119 n. 1-3
100 _aWoolley, Kaitlin.
_eauthor.
_958065
245 _aFood restriction and the experience of social isolation /
_cKaitlin Woolley, Ayelet Fishbach, and Ronghan(Michelle) Wang.
260 _aWashington ;
_bAmerican Psychological Association ,
_cSeptember 2020.
300 _aVolume 119, pages 657-671 :
_billustration ;
_c27 cm.
500 _aJournal of Personality and Social Psychology , vol. 119, no. 3, pages 657-671, September 2020.
650 _aSocial psychology.
_960968
650 _aFood.
_960969
650 _aLoneliness.
_944975
700 _aWoolley, Kaitlin.
_eauthor.
_958065
700 _aFishbach, Ayelet.
_eauthor.
_958066
700 _aWang, Ronghan(Michelle).
_eauthor.
_958067
942 _2ddc
_cPER
999 _c20554
_d20554